A method of intervention in child abuse

Saved in:  
Bibliographic Details
Main Author: Mastria, Ernest O. (Author)
Format: Print Book
Language:English
Published: Ann Arbor, Mich. Univ. Microfilms Internat. 1979
In:Year: 1979
Availability in Tübingen:Present in Tübingen.
UB: KB 10 A 373
Check availability: HBZ Gateway
Subito Delivery Service: Order now.
Keywords:

MARC

LEADER 00000cam a22000002c 4500
001 1093583797
003 DE-627
005 20220514133432.0
007 tu
008 910315s1979 xx ||||| m 00| ||eng c
035 |a (DE-627)1093583797 
035 |a (DE-576)023583797 
035 |a (DE-599)BSZ023583797 
035 |a (OCoLC)311373736 
040 |a DE-627  |b ger  |c DE-627  |e rakwb 
041 |a eng 
100 1 |a Mastria, Ernest O.  |4 aut 
245 1 2 |a A method of intervention in child abuse  |c Ernest Otto Mastria 
264 1 |a Ann Arbor, Mich.  |b Univ. Microfilms Internat.  |c 1979 
300 |a III, 45 S. 
336 |a Text  |b txt  |2 rdacontent 
337 |a ohne Hilfsmittel zu benutzen  |b n  |2 rdamedia 
338 |a Band  |b nc  |2 rdacarrier 
502 |a Zugl.: Rutgers Univ., Diss., 1977 
583 1 |a Archivierung prüfen  |c 20200919  |f DE-640  |z 1  |2 pdager 
655 7 |a Hochschulschrift  |0 (DE-588)4113937-9  |0 (DE-627)105825778  |0 (DE-576)209480580  |2 gnd-content 
951 |a BO 
ELC |b 1 
LOK |0 000 xxxxxcx a22 zn 4500 
LOK |0 001 2161245414 
LOK |0 003 DE-627 
LOK |0 004 1093583797 
LOK |0 005 20020606000000 
LOK |0 008 910315||||||||||||||||ger||||||| 
LOK |0 040   |a DE-21  |c DE-627  |d DE-21 
LOK |0 852   |a DE-21 
LOK |0 852 1  |c KB 10 A 373  |9 00 
LOK |0 866   |x Xerokopie 
LOK |0 935   |a krim 
LOK |0 936ln  |a k10.10.1 
LOK |0 939   |a 15-03-91  |b l01 
ORI |a SA-MARC-krimdoka001.raw 
SIG |a UB: KB 10 A 373